• 首页
  • 本馆介绍
  • 公告通知
  • 最新文献
  • 馆藏检索
  • 电子资源
  • 读者导购
  • 参考咨询
  • 我的图书馆
  • 登录
  • 详细信息显示
  • 放入我的书架
  • 预约/预借图书
  • 作者相关作品
  • 分类相关作品
  • 丛书相关作品
  • 出版社相关作品

书目信息

  • 表格格式
  • 工作单格式
  • 卡片格式
题名:
拯救甲状腺
    
 
作者: 张晓光 , 邵金福 , 张永斌 编著
分册:  
出版信息: 北京   光明日报出版社  2013
页数: 150页
开本: 21cm
丛书名:
单 册:
中图分类: R581
科图分类:
主题词: 甲状腺疾病--防治--基本知识 , 甲状腺疾病
电子资源:
ISBN: 978-7-5112-5406-1
000 01057nam0 2200277 450
001 012015000498
005 20150914161031.43
010    @a978-7-5112-5406-1@dCNY29.00
100    @a20140429d2013 em y0chiy50 ea
101 0  @achi
102    @aCN@b110000
105    @aa z 000yy
106    @ar
200 1  @a拯救甲状腺@Azheng jiu jia zhuang xian@dSave the thyroid@f张晓光,邵金福,张永斌编著@zeng
210    @a北京@c光明日报出版社@d2013
215    @a150页@c彩图@d21cm
330    @a本书分百科篇、原因篇、真情篇、治疗篇、误区篇、预防篇,介绍甲状腺的科学常识,甲状腺常见病种的诱发机制,生活中的真实案例故事,甲状腺疾病治疗方案利弊分析和最佳治疗方案,人们在甲状腺上常陷入的误区以及怎样才能有效预防甲状腺疾病。
510 1  @aSave the thyroid@zeng
606 0  @a甲状腺疾病@x防治@x基本知识
606 0  @a甲状腺疾病
690    @aR581@v5
701  0 @a张晓光@Azhang xiao guang@c(女,医学)@4编著
701  0 @a邵金福@Ashao jin fu@4编著
701  0 @a张永斌@Azhang yong bin@c(医学)@4编著
801  0 @aCN@b碧洲教育@c20150716
905    @a10447@f4@dR581@e128
    
    拯救甲状腺=Save the thyroid/张晓光,邵金福,张永斌编著.-北京:光明日报出版社,2013
    150页:彩图;21cm
    
    
    ISBN 978-7-5112-5406-1:CNY29.00
    本书分百科篇、原因篇、真情篇、治疗篇、误区篇、预防篇,介绍甲状腺的科学常识,甲状腺常见病种的诱发机制,生活中的真实案例故事,甲状腺疾病治疗方案利弊分析和最佳治疗方案,人们在甲状腺上常陷入的误区以及怎样才能有效预防甲状腺疾病。
●
相关链接 在E读中查询图书 在五车中查询图书 在当当中查询图书 在豆瓣中查询图书


正题名:拯救甲状腺     索取号:R581/128         预约/预借

序号 登录号 条形码 馆藏地/架位号 状态 备注
1 0849135   208491354   第二样本阅览室/ [索取号:R581/128] 在馆    
2 0849136   208491363   第三借阅区/ [索取号:R581/128] 在馆    
3 0849137   208491372   第三借阅区/ [索取号:R581/128] 在馆    
4 0849138   208491381   第三借阅区/ [索取号:R581/128] 在馆    
唐山师范学院图书馆 欢迎您!
大连网信软件有限公司© 版权所有